Give the Category - Statistics

General Stats
  • This quiz has been taken 26 times
  • The average score is 7 of 15
Answer Stats
Question Answer % Correct
Bangladesh, Denmark, Iraq, Luxembourg End with a unique letter
80%
Morocco, Lebanon, Kuwait, Bahrain In the Arab world
80%
Kosovo, Taiwan, Armenia, Cyprus Not recognized by at least one country
80%
Netherlands, France, Denmark, United Kingdom Have territories in the Americas
73%
Japan, United Kingdom, South Africa, Thailand Drive on the left
67%
Ireland, Canada, Kenya, Guyana Gained independence from the British
67%
Bangladesh, Philippines, Brazil, Nigeria Have over 100 million people
60%
Portugal, Belgium, Switzerland, Moldova Speak Romance languages
53%
Iceland, Mauritania, Niger, Iran Have a similar name to another country
47%
Russia, Spain, Turkey, Sweden Fought against France in the Napoleonic Wars
33%
Switzerland, Kuwait, Singapore, Finland Smaller than Germany
20%
Belarus, North Korea, India, South Africa Part of the Non-Aligned Movement
13%
Kyrgyzstan, Laos, Hungary, Ethiopia Were once communist
13%
India, Germany, Thailand, Greece Have a parliament
0%
Belize, Suriname, Guyana, Guinea-Bissau Part of the Small Island Developing States
0%
No matching quizzes found
Score Distribution
Percent of People with Each Score
Percentile by Number Answered
Your Score History
You have not taken this quiz